Nepodceňovať menový aspekt štátneho dlhu

Menová politika NBS - naďalej reštriktívna. Riadenie štátneho dlhu. Dlhová politika. Solventnosť štátneho rozpočtu ako dôležité menové kritérium.

Salvato in:
Dettagli Bibliografici
Autore principale: Hlavatá, Irena
Natura: Capitolo di libro
Lingua:slovacco
Soggetti:
Tags: Aggiungi Tag
Nessun Tag, puoi essere il primo ad aggiungerne!!

MARC

LEADER 00000naa a2200000 4500
001 r024970
005 20221213095405.3
041 0 |a slo 
044 |a SK 
245 1 0 |a Nepodceňovať menový aspekt štátneho dlhu  |c Irena Hlavatá 
520 |a Menová politika NBS - naďalej reštriktívna. Riadenie štátneho dlhu. Dlhová politika. Solventnosť štátneho rozpočtu ako dôležité menové kritérium. 
610 2 0 |a dlhy štátne 
610 2 0 |a Slovensko 
610 2 0 |a politika menová 
610 2 0 |a program menový 
610 2 0 |a 1995 
610 2 0 |a rozpočet štátny 
100 1 |a Hlavatá, Irena